K-pop: tripleS Members - Text - Statistics

General Stats
  • This quiz has been taken 71 times
  • The average score is 22 of 24
Answer Stats
Answer % Correct
ChaeYeon
97%
Nien
97%
SeoAh
97%
Xinyu
97%
YooYeon
97%
YuBin
97%
ChaeWon
95%
Kaede
95%
Kotone
95%
SeoYeon
95%
SoHyun
95%
HaYeon
92%
JiWoo
92%
JiYeon
92%
JooBin
92%
Lynn
92%
NaKyoung
92%
SooMin
92%
Sullin
92%
DaHyun
90%
HyeRin
90%
Mayu
90%
ShiOn
90%
YeonJi
90%
No matching quizzes found
Score Distribution
Percent of People with Each Score
Percentile by Number Answered
Your Score History
You have not taken this quiz